[Event "6th Essent op"]
[Site "Hoogeveen NED"]
[Date "2002.10.16"]
[Round "6.13"]
[White "Bezgodov, Alexei"]
[Black "Hamelink, Desiree"]
[Result "1-0"]
[WhiteElo "2536"]
[BlackElo "2188"]
[EventDate "2002.10.11"]
[PlyCount "35"]

1.e4 c5 2.Nf3 d6 3.d4 cxd4 4.Nxd4 Nf6 5.Nc3 a6 6.Bg5 e6 7.f4 Nbd7 8.Qf3 
Qc7 9.O-O-O b5 10.Bd3 Bb7 11.Rhe1 Be7 12.Nd5 exd5 13.Nf5 Kf8 14.Qg3 g6 15.
Nxe7 Kxe7 16.Qh4 h6 17.exd5+ Kf8 18.Bxf6 1-0

[Event "6th Essent op"]
[Site "Hoogeveen NED"]
[Date "2002.10.16"]
[Round "6.14"]
[White "Span, Paul"]
[Black "Berendsen, Richard"]
[Result "0-1"]
[WhiteElo "2295"]
[BlackElo "2249"]
[EventDate "2002.10.11"]
[PlyCount "146"]

1.e4 c5 2.c3 d5 3.exd5 Qxd5 4.d4 Nf6 5.Nf3 Bg4 6.Nbd2 e6 7.Bc4 Qc6 8.Qb3 
Nbd7 9.O-O a6 10.a4 Be7 11.h3 Bh5 12.Re1 O-O 13.Be2 Qc7 14.Nc4 Nd5 15.Nce5
Nxe5 16.dxe5 Rfd8 17.a5 Rac8 18.Qc4 h6 19.Bf4 Nxf4 20.Qxf4 Bg6 21.h4 Bd3 
22.Bxd3 Rxd3 23.Qc4 Qd7 24.Re2 Qd5 25.Qxd5 Rxd5 26.b3 Rd3 27.Rc2 Rcd8 28.
Rcc1 R8d5 29.Kf1 Rd7 30.Ke2 R3d5 31.Ra4 Bd8 32.g3 Bc7 33.c4 Rd3 34.Rb1 Rc3
35.Ra2 Rdd3 36.Ne1 Rxb3 37.Nxd3 Rxb1 38.f4 Rb3 39.Kd2 b5 40.cxb5 Rxb5 41.
Kc3 Bxa5+ 42.Kc4 h5 43.Nxc5 Rb4+ 44.Kd3 Bb6 45.Na4 Bf2 46.Rxf2 Rxa4 47.Rg2
a5 48.Ke3 Rb4 49.Rc2 Rb8 50.Ra2 Ra8 51.Ra4 Kh7 52.Kf3 Kg6 53.g4 hxg4+ 54.
Kxg4 Ra6 55.h5+ Kh6 56.Kh4 Ra7 57.Kg4 Ra8 58.Kh4 Ra6 59.Kg4 f5+ 60.Kh4 Ra7
61.Rd4 a4 62.Rd8 Kh7 63.Rd1 a3 64.Kg5 a2 65.Ra1 Ra4 66.h6 gxh6+ 67.Kf6 Ra6
68.Kf7 h5 69.Kf6 Kh6 70.Kf7 h4 71.Kf6 Kh5 72.Rg1 h3 73.Ra1 Kg4 0-1

[Event "6th Essent op"]
[Site "Hoogeveen NED"]
[Date "2002.10.16"]
[Round "6.15"]
[White "Dougherty, Michael J"]
[Black "Hulshof, Peter"]
[Result "1/2-1/2"]
[WhiteElo "2281"]
[BlackElo "2223"]
[EventDate "2002.10.11"]
[PlyCount "86"]

1.d4 g6 2.Nf3 Bg7 3.c3 Nf6 4.Bg5 d5 5.Nbd2 Nbd7 6.e3 O-O 7.Bd3 c6 8.Qc2 
Qe8 9.O-O e5 10.dxe5 Nxe5 11.Nxe5 Qxe5 12.Bf4 Qe7 13.e4 dxe4 14.Nxe4 Nxe4 
15.Bxe4 Rd8 16.a4 Be6 17.a5 a6 18.Ra4 Rd7 19.Rb4 Re8 20.h3 c5 21.Rb6 Bc4 
22.Re1 Qd8 23.Be3 f5 24.Bf3 Bh6 25.Qc1 Bxe3 26.Rxe3 Bd5 27.Rxe8+ Qxe8 28.
Bxd5+ Rxd5 29.Rxb7 Qc8 30.Re7 Qd8 31.Qe3 Rd1+ 32.Kh2 Qd6+ 33.g3 Rd2 34.b4 
cxb4 35.cxb4 Rxf2+ 36.Qxf2 Qxe7 37.Qd2 Qb7 38.h4 Kf7 39.Qd6 Qb5 40.Kg1 Qe2
41.Qf4 Ke6 42.Qd4 Qe1+ 43.Kg2 Qe2+ 1/2-1/2

[Event "6th Essent op"]
[Site "Hoogeveen NED"]
[Date "2002.10.16"]
[Round "6.16"]
[White "Schuurman, Petra"]
[Black "Timmermans, Ivo"]
[Result "1-0"]
[WhiteElo "2274"]
[BlackElo "2180"]
[EventDate "2002.10.11"]
[PlyCount "55"]

1.d4 d5 2.c4 c6 3.Nc3 Nf6 4.Nf3 e6 5.Ne5 dxc4 6.e3 Nbd7 7.f4 Nxe5 8.fxe5 
Nd5 9.Bxc4 f5 10.O-O b5 11.Bd3 g6 12.e4 Nb6 13.exf5 exf5 14.Qf3 b4 15.Ne2 
Nd5 16.Nf4 Nxf4 17.Bxf4 Qd5 18.Qxd5 cxd5 19.Rac1 Be7 20.Rc7 Bd7 21.e6 Bc8 
22.Bb5+ Kf8 23.Bc6 Rb8 24.Rxe7 Kxe7 25.Bxb8 Ba6 26.Be5 Rc8 27.Bd7 Rc2 28.
Re1 1-0

[Event "6th Essent op"]
[Site "Hoogeveen NED"]
[Date "2002.10.16"]
[Round "6.18"]
[White "Dogge, Marc"]
[Black "Willemsen, Jos"]
[Result "1-0"]
[WhiteElo "2124"]
[BlackElo "2263"]
[EventDate "2002.10.11"]
[PlyCount "49"]

1.e4 c5 2.Nf3 Nc6 3.d4 cxd4 4.Nxd4 g6 5.c4 Bg7 6.Be3 Nf6 7.Nc3 O-O 8.Be2 
d6 9.O-O Bd7 10.Nc2 a5 11.Rb1 Nb4 12.Nd4 Na6 13.Ndb5 Bc6 14.f3 Nd7 15.Qd2 
Nac5 16.Kh1 a4 17.b4 axb3 18.axb3 b6 19.Qb2 Na6 20.b4 Re8 21.Qd2 Bb7 22.
Nd5 Qb8 23.Rfc1 Bf8 24.Bd3 Bc8 25.Qf2 1-0

[Event "6th Essent op"]
[Site "Hoogeveen NED"]
[Date "2002.10.16"]
[Round "6.19"]
[White "Lahaye, Rick"]
[Black "Markus, John Raymond"]
[Result "1/2-1/2"]
[WhiteElo "2195"]
[BlackElo "2243"]
[EventDate "2002.10.11"]
[PlyCount "79"]

1.Nf3 Nf6 2.g3 b6 3.c4 c5 4.Nc3 Bb7 5.Bg2 g6 6.O-O Bg7 7.b3 O-O 8.Bb2 a6 
9.d4 cxd4 10.Qxd4 Ne4 11.Qd3 Nxc3 12.Bxc3 Bxc3 13.Qxc3 d6 14.h4 Nd7 15.h5 
Nf6 16.hxg6 hxg6 17.Rad1 Rc8 18.Qe3 Rc5 19.Rd4 Kg7 20.Rfd1 Rh8 21.b4 Rc7 
22.Rf4 Bxf3 23.Qxf3 e5 24.Rxf6 Qxf6 25.Qxf6+ Kxf6 26.Rxd6+ Ke7 27.Rxb6 
Rxc4 28.Bd5 Rc1+ 29.Kg2 e4 30.Bxe4 Rd8 31.Bd3 Rd6 32.Rb7+ Rd7 33.Bxa6 Rxb7
34.Bxb7 Rc2 35.a3 Ra2 36.Bd5 Rxa3 37.b5 Ra5 38.Bc6 Ra2 39.b6 Rxe2 40.b7 
1/2-1/2

[Event "6th Essent op"]
[Site "Hoogeveen NED"]
[Date "2002.10.16"]
[Round "6.20"]
[White "Van Kooten, Luuk"]
[Black "Van Weersel, Arlette"]
[Result "1/2-1/2"]
[WhiteElo "2236"]
[BlackElo "2093"]
[EventDate "2002.10.11"]
[PlyCount "33"]

1.e4 e5 2.Nf3 Nc6 3.Bb5 a6 4.Ba4 Nf6 5.O-O Be7 6.Re1 b5 7.Bb3 O-O 8.h3 d6 
9.c3 Na5 10.Bc2 c5 11.d3 Re8 12.Nbd2 Bf8 13.Nf1 Nc6 14.Ng3 g6 15.Nh2 d5 
16.Qe2 d4 17.Bg5 1/2-1/2

[Event "6th Essent op"]
[Site "Hoogeveen NED"]
[Date "2002.10.16"]
[Round "6.22"]
[White "Balzer, Lars"]
[Black "Spoelman, Wouter"]
[Result "0-1"]
[WhiteElo "2110"]
[BlackElo "2206"]
[EventDate "2002.10.11"]
[PlyCount "52"]

1.e4 c5 2.Nc3 Nc6 3.g3 g6 4.Bg2 Bg7 5.d3 d6 6.Be3 e6 7.Qd2 Qa5 8.f4 Nd4 9.
Nf3 Ne7 10.O-O Nec6 11.e5 dxe5 12.Nxe5 O-O 13.Nxc6 bxc6 14.Qf2 Rb8 15.Rab1
Rd8 16.Kh1 Ba6 17.Rfd1 f5 18.Re1 Nxc2 19.Qxc2 Bxd3 20.Qf2 Bxc3 21.bxc3 
Rxb1 22.Rxb1 Bxb1 23.Qe1 Qxa2 24.c4 Bc2 25.Bg1 Qxc4 26.h4 Be4 0-1

[Event "6th Essent op"]
[Site "Hoogeveen NED"]
[Date "2002.10.16"]
[Round "6.24"]
[White "Archangelsky, Mikhail"]
[Black "Van der Veen, Jan"]
[Result "0-1"]
[WhiteElo "2370"]
[BlackElo "2135"]
[EventDate "2002.10.11"]
[PlyCount "80"]

1.e4 e5 2.Nf3 Nc6 3.Bc4 Nf6 4.d3 Be7 5.O-O O-O 6.Re1 d6 7.c3 Na5 8.Bb5 a6 
9.Ba4 c5 10.Nbd2 h6 11.Nf1 Qc7 12.Ng3 Nh7 13.h3 Ng5 14.Nh2 Ne6 15.Nf5 Bg5 
16.Bxg5 hxg5 17.Ne3 b5 18.Bc2 Nf4 19.g3 Ne6 20.Nd5 Qd8 21.Qh5 Bb7 22.Nf3 
Nc6 23.Kg2 c4 24.h4 gxh4 25.Nxh4 g6 26.Nxg6 fxg6 27.Qxg6+ Ng7 28.Rh1 Ne7 
29.Nf6+ Rxf6 30.Qxf6 Qd7 31.Rh6 Nef5 32.Rg6 Rf8 33.Qg5 Qf7 34.Rh1 Ne7 35.
Rxd6 Qf3+ 36.Kh2 Qxf2+ 37.Kh3 Bc8+ 38.Kh4 Rf4+ 39.Qxf4 exf4 40.Rd8+ Kf7 
0-1

[Event "6th Essent op"]
[Site "Hoogeveen NED"]
[Date "2002.10.16"]
[Round "6.25"]
[White "Weeks, Manuel"]
[Black "Van Geffen, Ben"]
[Result "0-1"]
[WhiteElo "2259"]
[BlackElo "2129"]
[EventDate "2002.10.11"]
[PlyCount "116"]

1.e4 e5 2.Nf3 Nc6 3.Bb5 a6 4.Ba4 Nf6 5.O-O Be7 6.Re1 b5 7.Bb3 O-O 8.h3 d6 
9.c3 Na5 10.Bc2 c5 11.d4 Nc6 12.d5 Na5 13.Nbd2 Qc7 14.b3 c4 15.b4 Nb7 16.
Nf1 Bd7 17.Ng3 g6 18.Nh2 Rfe8 19.Ng4 Nxg4 20.hxg4 Qd8 21.f3 Bg5 22.Kf2 Qf6
23.Rh1 a5 24.Bd2 Ra7 25.Qc1 Bxd2 26.Qxd2 axb4 27.cxb4 Rea8 28.a4 bxa4 29.
Rh6 Qf4 30.Qxf4 exf4 31.Ne2 a3 32.Nc3 a2 33.e5 dxe5 34.Ne4 Kg7 35.Rh4 h6 
36.Rhh1 f5 37.Nc5 Nd6 38.Rhe1 Kf6 39.Rh1 fxg4 40.Rxh6 g3+ 41.Ke2 Bf5 42.
Be4 Rb8 43.Bxf5 Nxf5 44.Ne4+ Kg7 45.Rhh1 Nd4+ 46.Kd2 Nb3+ 47.Kc3 Nxa1 48.
Rxa1 Ra3+ 49.Kxc4 Ra4 50.Nc3 Rbxb4+ 51.Kc5 Rc4+ 52.Kb5 Rab4+ 53.Ka5 Rb2 
54.Na4 Rxa4+ 55.Kxa4 Kf6 56.Ka3 Rxg2 57.Kb4 Ke7 58.Kc5 Rc2+ 0-1

[Event "6th Essent op"]
[Site "Hoogeveen NED"]
[Date "2002.10.16"]
[Round "6.27"]
[White "Potze, Rudolf"]
[Black "Galje, Hans"]
[Result "0-1"]
[WhiteElo "2142"]
[BlackElo "2125"]
[EventDate "2002.10.11"]
[PlyCount "30"]

1.e4 d5 2.exd5 Qxd5 3.Nc3 Qa5 4.d4 c6 5.Bc4 Bf5 6.Ne2 e6 7.O-O Nd7 8.Ng3 
Bg6 9.a3 Ngf6 10.Qe2 Be7 11.b4 Bxb4 12.Nce4 Be7 13.f4 Nxe4 14.Nxe4 Bxe4 
15.Qxe4 Qc3 0-1

[Event "6th Essent op"]
[Site "Hoogeveen NED"]
[Date "2002.10.16"]
[Round "6.28"]
[White "Meis, Eric"]
[Black "Hendriks, Richard V"]
[Result "1-0"]
[WhiteElo "2113"]
[BlackElo "2140"]
[EventDate "2002.10.11"]
[PlyCount "69"]

1.e4 e5 2.f4 exf4 3.Nf3 h5 4.d4 g5 5.Bc4 h4 6.O-O d6 7.Nc3 Bg7 8.e5 Bg4 9.
exd6 cxd6 10.Qd3 Bxf3 11.Qxf3 Bxd4+ 12.Kh1 Nc6 13.Bd2 Be5 14.Rae1 Nge7 15.
Qg4 Qd7 16.Bxf7+ Kd8 17.Be6 Qe8 18.Ne4 Nd4 19.Rd1 h3 20.Nxg5 hxg2+ 21.Qxg2
f3 22.Nxf3 Nxf3 23.Qxf3 Rxh2+ 24.Kg1 Kc7 25.Bf4 Qg6+ 26.Kxh2 Qxe6 27.Bxe5 
Qxe5+ 28.Kg2 Rg8+ 29.Kf2 Qh2+ 30.Ke1 Rg2 31.Rf2 Qe5+ 32.Re2 Rg1+ 33.Kd2 
Qd4+ 34.Qd3 Qf4+ 35.Qe3 1-0

[Event "6th Essent op"]
[Site "Hoogeveen NED"]
[Date "2002.10.16"]
[Round "6.29"]
[White "Naalden, Marc"]
[Black "Van Lommel, Patrick"]
[Result "1/2-1/2"]
[WhiteElo "2108"]
[BlackElo "2226"]
[EventDate "2002.10.11"]
[PlyCount "112"]

1.e4 e6 2.d4 d5 3.Nc3 Bb4 4.a3 Bxc3+ 5.bxc3 dxe4 6.Qg4 Nf6 7.Qxg7 Rg8 8.
Qh6 Rg6 9.Qh4 c5 10.Ne2 Nbd7 11.Ng3 Qc7 12.Nxe4 Nxe4 13.Qxe4 cxd4 14.Qxd4 
e5 15.Qe3 b6 16.Be2 Bb7 17.Bf3 Bxf3 18.Qxf3 e4 19.Qe3 Qc4 20.Bb2 Rd6 21.
Rd1 Rxd1+ 22.Kxd1 O-O-O 23.Kc1 Nc5 24.Rd1 Rxd1+ 25.Kxd1 Na4 26.Bc1 Nxc3+ 
27.Ke1 Kb7 28.f3 f5 29.fxe4 Nxe4 30.Qd3 Qxd3 31.cxd3 Nc5 32.Ke2 Kc6 33.Be3
Ne6 34.Kd2 Kd5 35.Kc3 Nc5 36.Kd2 a6 37.Kc3 h5 38.Kd2 b5 39.Bg5 a5 40.Ke3 
b4 41.axb4 axb4 42.Bf6 Ne6 43.g3 b3 44.Ba1 Kc5 45.d4+ Kc4 46.h4 Kd5 47.Kd3
f4 48.gxf4 Nxf4+ 49.Kc3 Ng2 50.Kxb3 Nxh4 51.Kc2 Ke4 52.Kd2 Nf5 53.Ke2 h4 
54.Kf2 Ne7 55.Kg2 Kf5 56.Kh3 Ke4 1/2-1/2

[Event "6th Essent op"]
[Site "Hoogeveen NED"]
[Date "2002.10.16"]
[Round "6.30"]
[White "Ahlers, Ben"]
[Black "Rooda, Kai P"]
[Result "1/2-1/2"]
[WhiteElo "2209"]
[BlackElo "2156"]
[EventDate "2002.10.11"]
[PlyCount "61"]

1.d4 Nc6 2.d5 Ne5 3.g3 f5 4.Bg2 Nf6 5.b3 c6 6.Bb2 Nf7 7.c4 Qa5+ 8.Bc3 Qc7 
9.Nh3 e5 10.O-O Be7 11.Bb2 O-O 12.Nc3 d6 13.Qd2 Bd7 14.Rae1 Kh8 15.Kh1 
Rae8 16.f3 a6 17.e4 c5 18.Nd1 Qc8 19.Ng1 fxe4 20.fxe4 Ng4 21.h3 Bg5 22.Qd3
Nf6 23.Kh2 Qd8 24.Re2 Ng8 25.Ref2 Nfh6 26.Nf3 Bf6 27.Bc1 Qe7 28.Ng5 Nf7 
29.Nxf7+ Qxf7 30.h4 Qg6 31.Bh3 1/2-1/2

[Event "6th Essent op"]
[Site "Hoogeveen NED"]
[Date "2002.10.17"]
[Round "7.2"]
[White "Rogers, Ian"]
[Black "Dvoirys, Semen I"]
[Result "1-0"]
[WhiteElo "2557"]
[BlackElo "2567"]
[EventDate "2002.10.11"]
[PlyCount "83"]

1.d4 Nf6 2.Nf3 g6 3.Nc3 d5 4.Bf4 Bg7 5.e3 O-O 6.Be2 c5 7.Ne5 Nc6 8.O-O 
cxd4 9.exd4 Bf5 10.Nxc6 bxc6 11.Na4 Nd7 12.c3 e5 13.Be3 Re8 14.Re1 Qc7 15.
b4 Re7 16.Qd2 Rae8 17.h3 Nf6 18.Nc5 Ne4 19.Nxe4 Bxe4 20.Bf1 Re6 21.Rac1 
Qe7 22.Bg5 Qd6 23.Be3 Qe7 24.Bg5 Qc7 25.Be3 Bf5 26.a3 Qe7 27.Bg5 Qf8 28.
Be3 Qe7 29.Bg5 f6 30.Be3 h5 31.b5 exd4 32.cxd4 cxb5 33.Bxb5 Rd8 34.Qa5 Bf8
35.Bd2 Rb8 36.Bc6 Rxe1+ 37.Rxe1 Qxa3 38.Bxd5+ Kh8 39.Qc7 Qd6 40.Qf7 Bg7 
41.Re7 Rb1+ 42.Be1 1-0

[Event "6th Essent op"]
[Site "Hoogeveen NED"]
[Date "2002.10.17"]
[Round "7.5"]
[White "Goloshchapov, Alexander"]
[Black "Quinn, Mark"]
[Result "1/2-1/2"]
[WhiteElo "2536"]
[BlackElo "2429"]
[EventDate "2002.10.11"]
[PlyCount "85"]

1.e4 e5 2.Nf3 Nf6 3.Nxe5 d6 4.Nf3 Nxe4 5.d4 d5 6.Bd3 Bd6 7.O-O O-O 8.Re1 
Bf5 9.c4 c6 10.Qb3 Na6 11.cxd5 cxd5 12.Nc3 Be6 13.a3 Nc7 14.Qc2 f5 15.Ne5 
Rc8 16.f3 Qh4 17.Be3 f4 18.fxe4 fxe3 19.Nf3 Rxf3 20.gxf3 Bf4 21.Kh1 Qh5 
22.Rg1 Qxf3+ 23.Qg2 Qxg2+ 24.Kxg2 dxe4 25.Bxe4 Rd8 26.Ne2 Bh6 27.Rac1 Nd5 
28.Rgf1 g6 29.Rc5 b6 30.Rc6 Bg4 31.Bf3 Bf5 32.Kg3 Bf8 33.h4 Bd6+ 34.Kg2 
Be6 35.Be4 Kg7 36.h5 gxh5 37.Ng3 e2 38.Re1 Nf4+ 39.Kf2 Nh3+ 40.Kg2 Nf4+ 
41.Kf2 Nh3+ 42.Kg2 Nf4+ 43.Kf2 1/2-1/2

[Event "6th Essent op"]
[Site "Hoogeveen NED"]
[Date "2002.10.17"]
[Round "7.6"]
[White "De Vreugt, Dennis"]
[Black "Solleveld, Maarten"]
[Result "1/2-1/2"]
[WhiteElo "2501"]
[BlackElo "2453"]
[EventDate "2002.10.11"]
[PlyCount "92"]

1.e4 c5 2.Nf3 e6 3.d3 Nc6 4.g3 g6 5.Bg2 Bg7 6.O-O Nge7 7.Re1 d6 8.c3 e5 9.
a3 O-O 10.b4 a6 11.Be3 b6 12.Ra2 h6 13.d4 cxd4 14.cxd4 Bg4 15.d5 Nd4 16.
Bxd4 exd4 17.Nbd2 a5 18.bxa5 bxa5 19.h3 Bd7 20.Nb1 Rb8 21.Rd2 Qc8 22.Nxd4 
Bxd4 23.Rxd4 Bxh3 24.Qd2 g5 25.Bh1 Rb5 26.Qe2 Qc5 27.Rdd1 Rb3 28.Kh2 Bd7 
29.Rd2 Ng6 30.Rc2 Qb6 31.Nd2 Bb5 32.Nc4 Qa7 33.a4 Ba6 34.Qd2 Bxc4 35.Rxc4 
Ne5 36.Rc2 Kh7 37.Qe2 g4 38.Bg2 Rfb8 39.Qd2 Qe7 40.Rec1 Qf6 41.Qxa5 Qg5 
42.Qc7 Rb1 43.Kg1 Kg7 44.a5 R8b7 45.Qc8 Rb8 46.Qc7 R8b7 1/2-1/2

[Event "6th Essent op"]
[Site "Hoogeveen NED"]
[Date "2002.10.17"]
[Round "7.7"]
[White "Hanley, Craig"]
[Black "Radulski, Yulian"]
[Result "1/2-1/2"]
[WhiteElo "2345"]
[BlackElo "2487"]
[EventDate "2002.10.11"]
[PlyCount "71"]

1.d4 d5 2.c4 dxc4 3.Nf3 Nf6 4.e3 e6 5.Bxc4 c5 6.O-O a6 7.Qe2 b5 8.Bb3 Bb7 
9.Rd1 Nbd7 10.a4 b4 11.a5 Qc7 12.Nbd2 Be7 13.Nc4 O-O 14.Nfe5 Rad8 15.Bd2 
cxd4 16.exd4 Nxe5 17.dxe5 Ne4 18.Be3 Nc5 19.Bxc5 Bxc5 20.Rac1 Rxd1+ 21.
Rxd1 Rd8 22.Bc2 g6 23.b3 Rxd1+ 24.Qxd1 Kg7 25.Bd3 Qd8 26.Qd2 Qd4 27.Bf1 
Qxd2 28.Nxd2 Kf8 29.Bd3 Ke7 30.Kf1 Kd7 31.Nc4 Kc7 32.f4 h5 33.g3 Bf3 34.
Nd2 Bb7 35.Ke2 Bg1 36.Nf3 1/2-1/2

[Event "6th Essent op"]
[Site "Hoogeveen NED"]
[Date "2002.10.17"]
[Round "7.8"]
[White "Shaposhnikov, Evgeny"]
[Black "Van Beers, Eddy"]
[Result "1-0"]
[WhiteElo "2544"]
[BlackElo "2331"]
[EventDate "2002.10.11"]
[PlyCount "81"]

1.e4 c5 2.Nf3 d6 3.Bc4 Nf6 4.d3 e6 5.Bb3 Be7 6.O-O O-O 7.Re1 Nc6 8.c3 b5 
9.d4 Bb7 10.Nbd2 cxd4 11.cxd4 Qb6 12.Nf1 d5 13.e5 Ne4 14.Ng3 Rad8 15.Be3 
Na5 16.Bc2 Nc4 17.b3 Nxe3 18.Rxe3 Nxg3 19.hxg3 Rc8 20.Qd3 g6 21.Rd1 Rc7 
22.Bb1 Rfc8 23.Ree1 Bb4 24.Rf1 Rc3 25.Qe2 a5 26.Bd3 a4 27.bxa4 bxa4 28.Rb1
a3 29.Qe3 Ba6 30.Qh6 Bxd3 31.Ng5 Qc7 32.Nxh7 f6 33.Nxf6+ Kf7 34.Rxb4 g5 
35.Nh5 Qe7 36.Rb7 R3c7 37.Qg7+ Ke8 38.Nf6+ Qxf6 39.Qxf6 Rxb7 40.Qxe6+ Kd8 
41.Qxd5+ 1-0

[Event "6th Essent op"]
[Site "Hoogeveen NED"]
[Date "2002.10.17"]
[Round "7.9"]
[White "Van der Stricht, Geert"]
[Black "Ionov, Sergey"]
[Result "1/2-1/2"]
[WhiteElo "2403"]
[BlackElo "2538"]
[EventDate "2002.10.11"]
[PlyCount "76"]

1.d4 Nf6 2.c4 e6 3.Nf3 c5 4.d5 exd5 5.cxd5 g6 6.Nc3 d6 7.e4 a6 8.a4 Bg4 9.
Be2 Bxf3 10.Bxf3 Nbd7 11.Bf4 Qe7 12.O-O Bg7 13.Re1 O-O 14.Qd2 Rab8 15.Be2 
h5 16.h3 Nh7 17.Bf1 Rfe8 18.Kh1 Bd4 19.Bh2 Nhf6 20.f3 Kg7 21.b4 Be5 22.f4 
Bxc3 23.Qxc3 cxb4 24.Qd4 h4 25.e5 Nh5 26.Qxb4 dxe5 27.d6 Qf6 28.fxe5 Nxe5 
29.d7 Nxd7 30.Bxb8 Rxb8 31.Rad1 Ng3+ 32.Kg1 Ne5 33.Qd6 Re8 34.Qxf6+ Kxf6 
35.Rd6+ Kg7 36.Rc1 Re7 37.Rd4 g5 38.Rb1 b5 1/2-1/2

[Event "6th Essent op"]
[Site "Hoogeveen NED"]
[Date "2002.10.17"]
[Round "7.12"]
[White "Prasad, Devaki V"]
[Black "Schuurman, Petra"]
[Result "1/2-1/2"]
[WhiteElo "2421"]
[BlackElo "2274"]
[EventDate "2002.10.11"]
[PlyCount "58"]

1.e4 c6 2.d4 d5 3.exd5 cxd5 4.c4 Nf6 5.Nc3 g6 6.Qb3 Bg7 7.cxd5 O-O 8.Be2 
Na6 9.Bf3 Qb6 10.Nge2 Qxb3 11.axb3 Nb4 12.O-O Rd8 13.d6 exd6 14.Rd1 Be6 
15.Bxb7 Rab8 16.Bf3 Bxb3 17.Rf1 a6 18.Ra3 Bc4 19.b3 Be6 20.Bf4 Nfd5 21.
Nxd5 Bxd5 22.Bxd5 Nxd5 23.Bd2 Re8 24.Nf4 Nxf4 25.Bxf4 Bxd4 26.Rxa6 Rxb3 
27.Rxd6 Be5 28.Bxe5 Rxe5 29.Rd2 Reb5 1/2-1/2

[Event "6th Essent op"]
[Site "Hoogeveen NED"]
[Date "2002.10.17"]
[Round "7.13"]
[White "Berendsen, Richard"]
[Black "Van de Oudeweetering, Arthur"]
[Result "0-1"]
[WhiteElo "2249"]
[BlackElo "2413"]
[EventDate "2002.10.11"]
[PlyCount "82"]

1.c4 e5 2.g3 Nf6 3.Bg2 d5 4.cxd5 Nxd5 5.Nc3 Nb6 6.Nf3 Nc6 7.O-O Be7 8.d3 
O-O 9.Be3 Bg4 10.Rc1 f5 11.b4 Bf6 12.b5 Nd4 13.Bxd4 exd4 14.Na4 Re8 15.Nc5
Rb8 16.Qb3+ Kh8 17.Rfe1 Qd6 18.Rc2 c6 19.Rec1 Nd5 20.Na4 cxb5 21.Qxb5 Nc3 
22.Nxc3 dxc3 23.h3 a6 24.Qa5 Bxf3 25.Bxf3 b5 26.Rxc3 Bxc3 27.Rxc3 Qb6 28.
Qb4 Rbc8 29.Qe7 Qd8 30.Qxd8 Rexd8 31.Rxc8 Rxc8 32.Bb7 Rc1+ 33.Kg2 a5 34.
Kf3 Rc2 35.Bd5 a4 36.Ke3 b4 37.d4 g5 38.Kd3 Rc3+ 39.Kd2 Kg7 40.Be6 Kf6 41.
Bd7 Ra3 0-1

[Event "6th Essent op"]
[Site "Hoogeveen NED"]
[Date "2002.10.17"]
[Round "7.14"]
[White "Spoelman, Wouter"]
[Black "Dogge, Marc"]
[Result "0-1"]
[WhiteElo "2206"]
[BlackElo "2124"]
[EventDate "2002.10.11"]
[PlyCount "78"]

1.e4 c5 2.Nf3 e6 3.d4 cxd4 4.Nxd4 Nf6 5.Nc3 d6 6.g4 h6 7.Bg2 a6 8.h3 Qc7 
9.Be3 Nbd7 10.f4 Nb6 11.Qe2 Nc4 12.O-O-O e5 13.Nb3 b5 14.Nd5 Nxd5 15.exd5 
Nxe3 16.Qxe3 Be7 17.Kb1 exf4 18.Qxf4 O-O 19.Nd4 Bg5 20.Qg3 Re8 21.h4 Bf6 
22.Rhf1 Bxd4 23.Rxd4 Qc5 24.Rdf4 Qe3 25.Qxe3 Rxe3 26.Rxf7 Bxg4 27.a3 Re2 
28.Bf3 Bxf3 29.R1xf3 Rc8 30.c3 Rc5 31.R3f5 a5 32.Rb7 Rg2 33.Rb6 a4 34.Rxd6
Rc4 35.h5 Rh4 36.Rb6 Rh1+ 37.Ka2 Rgg1 38.Rb8+ Kh7 39.b4 Rg2+ 0-1

[Event "6th Essent op"]
[Site "Hoogeveen NED"]
[Date "2002.10.17"]
[Round "7.15"]
[White "Hamelink, Desiree"]
[Black "Grooten, Herman"]
[Result "0-1"]
[WhiteElo "2188"]
[BlackElo "2379"]
[EventDate "2002.10.11"]
[PlyCount "57"]

1.e4 c6 2.d4 d5 3.f3 e6 4.Nc3 Bb4 5.Bf4 Ne7 6.a3 Ba5 7.b4 Bb6 8.Na4 Ng6 9.
Nxb6 axb6 10.Bg3 O-O 11.e5 c5 12.c3 Qe7 13.Bd3 cxd4 14.Bxg6 fxg6 15.Qxd4 
Qc7 16.Ne2 Bd7 17.Qe3 Rc8 18.Kf2 Bb5 19.Nd4 Qd7 20.Rhc1 Ra4 21.Kg1 Bc4 22.
Bf2 Qe8 23.Nc2 Nd7 24.Rcb1 g5 25.Rb2 Qg6 26.Rd1 h6 27.h4 gxh4 28.Bxh4 Bb3 
29.Nd4 0-1

[Event "6th Essent op"]
[Site "Hoogeveen NED"]
[Date "2002.10.17"]
[Round "7.17"]
[White "Hulshof, Peter"]
[Black "Span, Paul"]
[Result "1/2-1/2"]
[WhiteElo "2223"]
[BlackElo "2295"]
[EventDate "2002.10.11"]
[PlyCount "29"]

1.e4 e6 2.Qe2 c5 3.g3 Nc6 4.Bg2 g6 5.d3 Bg7 6.f4 Nge7 7.c3 d6 8.Nf3 O-O 9.
O-O Rb8 10.Be3 b6 11.a4 f5 12.Na3 a6 13.Rae1 Qc7 14.Bf2 Bd7 15.exf5 
1/2-1/2

[Event "6th Essent op"]
[Site "Hoogeveen NED"]
[Date "2002.10.17"]
[Round "7.18"]
[White "Van der Veen, Jan"]
[Black "Sawadkuhi, Massoud Amir"]
[Result "1-0"]
[WhiteElo "2135"]
[BlackElo "2263"]
[EventDate "2002.10.11"]
[PlyCount "57"]

1.e4 c5 2.Nc3 e6 3.f4 a6 4.g3 d5 5.d3 Nc6 6.Nf3 Nge7 7.Bg2 g6 8.O-O Bg7 9.
Rb1 b5 10.Bd2 Bb7 11.g4 Qb6 12.f5 c4+ 13.Kh1 b4 14.Ng5 Be5 15.Nxf7 Kxf7 
16.fxe6+ Ke8 17.Qf3 Nd8 18.Nxd5 Qxe6 19.d4 Ndc6 20.dxe5 Nxe5 21.Nc7+ Kd7 
22.Nxe6 Nxf3 23.Nc5+ Kc6 24.Rxf3 Kxc5 25.Rf7 Rae8 26.Bg5 Kd6 27.e5+ Ke6 
28.Rf6+ Kxe5 29.Re1+ 1-0

[Event "6th Essent op"]
[Site "Hoogeveen NED"]
[Date "2002.10.17"]
[Round "7.19"]
[White "Willemsen, Jos"]
[Black "Galje, Hans"]
[Result "1/2-1/2"]
[WhiteElo "2263"]
[BlackElo "2125"]
[EventDate "2002.10.11"]
[PlyCount "40"]

1.e4 d5 2.exd5 Qxd5 3.Nc3 Qa5 4.d4 c6 5.Nf3 Nf6 6.Bc4 Bf5 7.O-O e6 8.Qe2 
Nbd7 9.Bb3 Bd6 10.Re1 O-O 11.Ne5 Qc7 12.h3 Nb6 13.Bg5 Nfd7 14.Nxd7 Nxd7 
15.Ne4 Bf4 16.Be7 Rfe8 17.Ba3 Bxe4 18.Qxe4 Nf6 19.Qf3 Rad8 20.Rad1 Bd6 
1/2-1/2

[Event "6th Essent op"]
[Site "Hoogeveen NED"]
[Date "2002.10.17"]
[Round "7.20"]
[White "Markus, John Raymond"]
[Black "Cako, Laszlo"]
[Result "0-1"]
[WhiteElo "2243"]
[BlackElo "2115"]
[EventDate "2002.10.11"]
[PlyCount "100"]

1.e4 e5 2.Nf3 Nc6 3.d3 Nf6 4.Nbd2 Bc5 5.Be2 O-O 6.O-O Re8 7.c3 d5 8.b4 Bf8
9.a3 a6 10.Qc2 Bg4 11.h3 Bh5 12.Re1 Qd7 13.Nf1 Bg6 14.Ng3 Nh5 15.Nxh5 Bxh5
16.Bb2 Rad8 17.exd5 Qxd5 18.c4 Qd6 19.b5 Nb8 20.a4 axb5 21.axb5 Bg6 22.Bf1
Nd7 23.Nh4 Nc5 24.Nxg6 hxg6 25.Rad1 b6 26.d4 exd4 27.Rxe8 Rxe8 28.Rxd4 Qe6
29.g3 Bd6 30.Rd5 Ne4 31.Bg2 Bc5 32.Bxe4 Qxe4 33.Qxe4 Rxe4 34.Rd8+ Kh7 35.
Kf1 Rxc4 36.Rd7 Rc2 37.Be5 f6 38.Bxc7 Rxf2+ 39.Ke1 Rb2 40.Bd8 Kh6 41.g4 g5
42.Rd5 Rxb5 43.Ke2 Rb3 44.h4 gxh4 45.Rh5+ Kg6 46.Rxh4 Re3+ 47.Kd2 Re4 48.
Kc3 Bf2 49.Rh2 Bd4+ 50.Kd3 Rxg4 0-1

[Event "6th Essent op"]
[Site "Hoogeveen NED"]
[Date "2002.10.17"]
[Round "7.21"]
[White "Van Geffen, Ben"]
[Black "Van Kooten, Luuk"]
[Result "1/2-1/2"]
[WhiteElo "2129"]
[BlackElo "2236"]
[EventDate "2002.10.11"]
[PlyCount "53"]

1.e4 c5 2.Nf3 Nc6 3.d4 cxd4 4.Nxd4 Nf6 5.Nc3 e5 6.Ndb5 d6 7.Bg5 a6 8.Na3 
b5 9.Bxf6 gxf6 10.Nd5 f5 11.exf5 Bxf5 12.c3 Bg7 13.Nc2 Be6 14.Nce3 Ne7 15.
g3 Nxd5 16.Nxd5 O-O 17.Bg2 a5 18.O-O Rb8 19.Qd2 f5 20.Rad1 e4 21.f3 exf3 
22.Bxf3 Kh8 23.a3 Bxd5 24.Bxd5 Be5 25.Rf2 b4 26.axb4 axb4 27.cxb4 1/2-1/2

[Event "6th Essent op"]
[Site "Hoogeveen NED"]
[Date "2002.10.17"]
[Round "7.22"]
[White "Pel, Bonno"]
[Black "Meis, Eric"]
[Result "1-0"]
[WhiteElo "2229"]
[BlackElo "2113"]
[EventDate "2002.10.11"]
[PlyCount "41"]

1.Nc3 e5 2.Nf3 Nc6 3.d4 exd4 4.Nxd4 Nf6 5.g3 Bc5 6.Nb3 Bb4 7.Bg2 O-O 8.O-O
h6 9.Bd2 Re8 10.a3 Bf8 11.e4 d6 12.h3 Be6 13.Nd5 Nh7 14.Kh2 Qd7 15.Bc3 f5 
16.exf5 Bxf5 17.g4 Be6 18.f4 Be7 19.Qd3 Bxd5 20.Qxd5+ Kh8 21.Nc5 1-0

[Event "6th Essent op"]
[Site "Hoogeveen NED"]
[Date "2002.10.17"]
[Round "7.23"]
[White "Van Leent, Dmitri"]
[Black "Van Weersel, Arlette"]
[Result "1/2-1/2"]
[WhiteElo "2203"]
[BlackElo "2093"]
[EventDate "2002.10.11"]
[PlyCount "35"]

1.c4 e6 2.g3 d5 3.Bg2 Nf6 4.Nf3 Be7 5.O-O O-O 6.Qc2 d4 7.d3 c5 8.e3 dxe3 
9.fxe3 Nc6 10.a3 e5 11.Nc3 Bg4 12.b3 Qd7 13.Bb2 Rad8 14.Nd5 Be6 15.e4 Nd4 
16.Nxd4 exd4 17.Qd2 Ng4 18.Bh3 1/2-1/2